| 000 | 00648nam a22002177a 4500 | ||
|---|---|---|---|
| 003 | UA-OsUOA | ||
| 001 | 60692 | ||
| 007 | ta | ||
| 008 | 20090601b un ||||| |||| 00| 0 ukr d | ||
| 100 | _aБабенко Л.І. | ||
| 090 |
_a902 _bБ12 |
||
| 942 | _cSA | ||
| 040 |
_aUA-OsUOA _bukr _cUA-OsUOA _dUA-OsUOA |
||
| 245 | _aСкіфське поховання V ст. до н.е. поблизу смт Коротич на Харківщині | ||
| 300 | _aС.52-61 | ||
| 955 | _a0 | ||
| 041 | _aukr | ||
| 080 | _a902 | ||
| 773 | 0 |
_w60688 _tАрхеологія _dК. _d2009 _g1 |
|
| 650 | 7 |
_a9 Географія. Біографії. Історія _2UDC |
|
| 999 |
_c346582 _d346582 |
||